MARC details
| 000 -LEADER |
| fixed length control field |
02273cam a2200433 a 4500 |
| 001 - CONTROL NUMBER |
| control field |
17478117 |
| 003 - CONTROL NUMBER IDENTIFIER |
| control field |
OSt |
| 005 - DATE AND TIME OF LATEST TRANSACTION |
| control field |
20250203135911.0 |
| 008 - FIXED-LENGTH DATA ELEMENTS--GENERAL INFORMATION |
| fixed length control field |
120928s2011 ke a b 100 0 eng c |
| 010 ## - LIBRARY OF CONGRESS CONTROL NUMBER |
| LC control number |
2012311945 |
| 020 ## - INTERNATIONAL STANDARD BOOK NUMBER |
| International Standard Book Number |
9966909842 |
| 020 ## - INTERNATIONAL STANDARD BOOK NUMBER |
| International Standard Book Number |
9789966909848 |
| 035 ## - SYSTEM CONTROL NUMBER |
| System control number |
(OCoLC)ocn781112040 |
| 040 ## - CATALOGING SOURCE |
| Original cataloging agency |
CUY |
| Transcribing agency |
CUY |
| Modifying agency |
OSU |
| -- |
DLC |
| 042 ## - AUTHENTICATION CODE |
| Authentication code |
pcc |
| -- |
lcode |
| 043 ## - GEOGRAPHIC AREA CODE |
| Geographic area code |
f------ |
| 050 00 - LIBRARY OF CONGRESS CALL NUMBER |
| Classification number |
LA1503 |
| Item number |
.A393 2011 |
| 082 ## - DEWEY DECIMAL CLASSIFICATION NUMBER |
| Classification number |
327.09 |
| Item number |
TEN |
| 245 00 - TITLE STATEMENT |
| Title |
African universities : |
| Remainder of title |
educating for peace : proceedings of an international conference held at the Catholic University of Eastern Africa, Nairobi-Kenya, 13th-15th May 2009 / |
| Statement of responsibility, etc. |
editor, John Tenamwenye ; manuscript editor, Sewe-K'Ahenda ; assistant editors, Richard Rwiza, Peter Mbaro. |
| 246 30 - VARYING FORM OF TITLE |
| Title proper/short title |
Proceedings of an international conference held at the Catholic University of Eastern Africa, Nairobi-Kenya, 13th-15th May 2009 |
| 260 ## - PUBLICATION, DISTRIBUTION, ETC. (IMPRINT) |
| Place of publication, distribution, etc. |
Nairobi, Kenya : |
| Name of publisher, distributor, etc. |
CUEA Press, |
| Date of publication, distribution, etc. |
c2011. |
| 300 ## - PHYSICAL DESCRIPTION |
| Extent |
xi, 310 p. : |
| Other physical details |
ill. ; |
| Dimensions |
21 cm. |
| 500 ## - GENERAL NOTE |
| General note |
"'The African Universities: Educating for Peace' was the theme of a conference organized by the Centre for Social Justice and Ethics (CSJE) of The Catholic University of Eastern Africa between 13th and 15th May 2009"--P. [ix]. |
| 504 ## - BIBLIOGRAPHY, ETC. NOTE |
| Bibliography, etc |
Includes bibliographical references. |
| 611 20 - SUBJECT ADDED ENTRY--MEETING NAME |
| Meeting name or jurisdiction name as entry element |
International Conference on African Universities: Educating for Peace |
| Date of meeting |
(2009 : |
| Location of meeting |
Nairobi, Kenya) |
| 650 #0 - SUBJECT ADDED ENTRY--TOPICAL TERM |
| Topical term or geographic name as entry element |
Education, Higher |
| Geographic subdivision |
Africa |
| Form subdivision |
Congresses. |
| 650 #0 - SUBJECT ADDED ENTRY--TOPICAL TERM |
| Topical term or geographic name as entry element |
Peace |
| General subdivision |
Study and teaching (Higher) |
| Geographic subdivision |
Africa |
| Form subdivision |
Congresses. |
| 650 #0 - SUBJECT ADDED ENTRY--TOPICAL TERM |
| Topical term or geographic name as entry element |
Sustainable development |
| General subdivision |
Study and teaching (Higher) |
| Geographic subdivision |
Africa |
| Form subdivision |
Congresses. |
| 700 1# - ADDED ENTRY--PERSONAL NAME |
| Personal name |
Tenamwenye, John Apolinari. |
| 700 1# - ADDED ENTRY--PERSONAL NAME |
| Personal name |
Ahenda, Sewe-K'. |
| 700 1# - ADDED ENTRY--PERSONAL NAME |
| Personal name |
Rwiza, Richard N., |
| Dates associated with a name |
1958- |
| 700 1# - ADDED ENTRY--PERSONAL NAME |
| Personal name |
Mbaro, Peter Wanyagi, |
| Dates associated with a name |
1966- |
| 710 2# - ADDED ENTRY--CORPORATE NAME |
| Corporate name or jurisdiction name as entry element |
Catholic University of Eastern Africa. |
| Subordinate unit |
Centre for Social Justice and Ethics. |
| 711 2# - ADDED ENTRY--MEETING NAME |
| Meeting name or jurisdiction name as entry element |
International Conference on African Universities: Educating for Peace |
| Date of meeting |
(2009 : |
| Location of meeting |
Nairobi, Kenya) |
| 856 41 - ELECTRONIC LOCATION AND ACCESS |
| Materials specified |
Table of contents only |
| Uniform Resource Identifier |
<a href="http://www.loc.gov/catdir/toc/fy13pdf06/2012311945.html">http://www.loc.gov/catdir/toc/fy13pdf06/2012311945.html</a> |
| 906 ## - LOCAL DATA ELEMENT F, LDF (RLIN) |
| a |
7 |
| b |
cbc |
| c |
pccadap |
| d |
3 |
| e |
ncip |
| f |
20 |
| g |
y-gencatlg |
| 942 ## - ADDED ENTRY ELEMENTS (KOHA) |
| Source of classification or shelving scheme |
Dewey Decimal Classification |
| Koha item type |
Books |